Mort subite - Tennis féminin - Statistiques

Statistiques générales
  • Ce quiz a été pris 595 fois
    42 depuis la dernière actualisation
  • Le résultat moyen est 5 sur 8
Answers on the Grid
Answers color-coded by a green-red scale on the quiz's grid according to % correct below.
Emma Raducanu
Paula Badosa
Aryna Sabalenka
Elena Rybakina
Iga Świątek
Victoria Azarenka
Markéta Vondroušovâ
Ons Jabeur
Barbora Krejčíková
Sloane Stephens
Madison Keys
Venus Williams
Coco Gauff
María Sákkari
Bianca Andreescu
Naomi Osaka
Jeļena Ostapenko
Zheng Qinwen
Sofia Kenin
 
Statistiques - réponses
Réponse % Correct
Aryna Sabalenka
91%
Iga Świątek
83%
Venus Williams
77%
Naomi Osaka
69%
Victoria Azarenka
60%
Elena Rybakina
57%
Coco Gauff
51%
Barbora Krejčíková
20%
Aucun quiz correspondant
Distribution des résultats
% des personnes avec chaque résultat
Percentile par nombre de réponses
Votre historique - résultats
Vous n’avez pas pris ce quiz depuis la dernière actualisation